| 000 | 00650nam a2200217 4500 | ||
|---|---|---|---|
| 003 | OSt | ||
| 005 | 20260422015331.0 | ||
| 006 | a | ||
| 008 | 240611b |||||||| |||| 00| 0 eng d | ||
| 020 | _a9780736091121 | ||
| 040 |
_aDWCL-Main lib. _cOC |
||
| 082 | _aCirc. 613.716 A375w 2011 | ||
| 100 | _aAlexander, Christine | ||
| 245 | _aWater fitness lesson plans and choreography / | ||
| 260 |
_aChampaign, Illinois : _bHuman Kinetics, _cc2011. |
||
| 300 |
_aix, _b189 p. : ill. ; _c28 cm. |
||
| 504 | _aIncludes bibliographical references. | ||
| 650 | _a1. Aquatic exercises. | ||
| 700 | _aChristine Alexander | ||
| 942 |
_2ddc _n0 _cBK-CIRC _kCirc. |
||
| 999 |
_c529 _d529 |
||